000 00501nam a2200205Ia 4500
003 OSt
005 20140312094255.0
008 140130s9999 xx 000 0 und d
020 _a043947146X
050 _aPZ 7
_b.Ap6457Fl 2002
100 _aApperley, Dawn
245 _cDawn Apperley
_aFlip and Flop /
260 _bScholastic,
_aNew York :
_c2002.
300 _a1 v. (unpaged) :
_bcol. ill. ;
_c24 cm.
440 _v1
521 _aG1
526 _c210
942 _cBK
_2lcc
999 _c42034
_d42034